13th Amendment from a different perspective : (Record no. 5765)
[ view plain ]
| 000 -LEADER | |
|---|---|
| fixed length control field | 00857nam a2200157Ia 4500 |
| 005 - DATE AND TIME OF LATEST TRANSACTION | |
| control field | 20240924072542.0 |
| 008 - FIXED-LENGTH DATA ELEMENTS--GENERAL INFORMATION | |
| fixed length control field | 240331s9999 xx 000 0 und d |
| 020 ## - INTERNATIONAL STANDARD BOOK NUMBER | |
| ISBN | 9789550516025 |
| 082 ## - DDC Classification | |
| Item Number - Author Mark | AME |
| Class No. | 651 |
| 100 ## - MAIN ENTRY--PERSONAL NAME | |
| Personal name | Institute for Constitutional Studies. |
| 245 #0 - TITLE STATEMENT | |
| Title | 13th Amendment from a different perspective : |
| Remainder of title | Taking stock of the 13 Amendment to the Constitution from a 'Development and Democracy' perspective |
| 260 ## - PUBLICATION, DISTRIBUTION, ETC. | |
| Place of publication, distribution, etc. | Rajagiriya |
| Name of publisher, distributor, etc. | Institute for Constitutional Studies |
| 300 ## - PHYSICAL DESCRIPTION | |
| Extent (e.g. Volumes, Pages etc.) | ix, 64 p ., |
| 500 ## - GENERAL NOTE | |
| General note | This is an attempt to draw the South into a discourse on power sharing in their favor .As the political equation stands today, the south could tilt the balance in favor of democracy, development and therefore in favor of devolution too, that would benefit, Sinhala South, Tamil North, Mulsim East and all in this country. |
| 942 ## - Koha item type (Biblio) | |
| Koha item type | Books in Stacks (Lending) |
| Lost status | Damaged status | Collection code | Home library | Current library | Shelving location | Date acquired | Full call number | Accession Number | Item type |
|---|---|---|---|---|---|---|---|---|---|
| Lending | WERC Library | WERC Library | Social Science Cupboard | 03/31/2024 | 651 AME | 6751 | Books in Stacks (Lending) |
